Preservation of pension rights on change of employment (Record no. 500131)

000 -LEADER
fixed length control field 00430cam a22001097a 4500
008 - FIXED-LENGTH DATA ELEMENTS--GENERAL INFORMATION
fixed length control field 180718b1966 xxu||||| |||| 00| 0 eng d
082 ## - DEWEY DECIMAL CLASSIFICATION NUMBER
Classification number K85x42 Un3
245 ## - TITLE STATEMENT
Title Preservation of pension rights on change of employment
Statement of responsibility, etc. by Ministry of Labour, National Joint Advisory Council
260 ## - PUBLICATION, DISTRIBUTION, ETC.
Place of publication, distribution, etc. London
Name of publisher, distributor, etc. Her Majesty's Stationery Office
Date of publication, distribution, etc. 1966
300 ## - PHYSICAL DESCRIPTION
Extent 67p.
700 ## - ADDED ENTRY--PERSONAL NAME
Personal name United Kingdom. National Joint Advisory Council. Ministry of Labour
Holdings
Withdrawn status Lost status Damaged status Not for loan Permanent Location Current Location Date acquired Full call number Barcode Date last seen Price effective from Koha item type
        Indian Institute of Public Administration Indian Institute of Public Administration 2018-08-04 K85x42 Un3 G7239 2018-08-04 2018-08-04 G

Powered by Koha